[Event "Hamburg CupT"]
[Site "Hamburg"]
[Date "2010.03.13"]
[Round "3.2"]
[White "Bigalke, Andre"]
[Black "Horn, Peter"]
[Result "1-0"]
[WhiteElo "2070"]
[BlackElo "2146"]
[PlyCount "41"]
[EventDate "2010.03.06"]
[EventType "team-k.o."]
[EventRounds "4"]
[EventCountry "GER"]
[SourceTitle "EXT 2022"]
[Source "ChessBase"]
[SourceDate "2021.10.06"]
[SourceVersion "1"]
[SourceVersionDate "2021.10.06"]
[SourceQuality "1"]
[WhiteTeam "Barmbek"]
[BlackTeam "Hamburg Concordia"]
[WhiteTeamCountry "GER"]
[BlackTeamCountry "GER"]

1. b4 e5 2. Bb2 Bxb4 3. Bxe5 Nf6 4. c4 0-0 5. e3 d5 6. cxd5 Nxd5 7. Nf3 Be7 8. Bc4 c5 9. 0-0 Nc6 10. d4 Nxe5 11. Nxe5 Bf6 12. Bxd5 Qxd5 13. Nc3 Qe6 14. f4 cxd4 15. exd4 Bd7 16. Rb1 Rac8 17. f5 Qe8 18. Nd5 Bc6 19. Nxf6+ gxf6 20. Ng4 Kh8 21. d5 1-0

[Event "Hamburg Junge op"]
[Site "Hamburg"]
[Date "2005.10.08"]
[Round "8"]
[White "Bismuth, Sarah"]
[Black "Bigalke, Andre"]
[Result "0-1"]
[WhiteElo "1680"]
[BlackElo "2026"]
[PlyCount "122"]
[EventDate "2005.10.01"]
[EventType "swiss"]
[EventRounds "9"]
[EventCountry "GER"]
[SourceTitle "CBM 108 Extra"]
[Source "ChessBase"]
[SourceDate "2005.11.04"]
[SourceVersion "1"]
[SourceVersionDate "2005.11.04"]
[SourceQuality "1"]

1. e4 c5 2. Nc3 d6 3. f4 g6 4. Nf3 Bg7 5. Bc4 Nf6 6. d3 0-0 7. 0-0 a6 8. a4 Nc6 9. Qe1 Nd7 10. Qg3 Nb6 11. Ba2 Nb4 12. Bb3 d5 13. a5 c4 14. dxc4 dxc4 15. Be3 cxb3 16. Bxb6 Qe8 17. cxb3 Bd7 18. Rad1 Bb5 19. Nxb5 Qxb5 20. Nd4 Qh5 21. f5 Rac8 22. e5 Nd5 23. Ba7 Bh6 24. Rd3 Rc1 25. Rxc1 Bxc1 26. Nf3 Nf4 27. Nd4 Nxd3 28. Qxd3 Bf4 29. Nf3 Qxf5 30. Qe2 Rc8 31. Be3 Qb1+ 32. Kf2 Rc2 33. Nd2 Bxe3+ 34. Qxe3 Qxb2 35. Ke1 Qa1+ 36. Ke2 Qxa5 37. Qd3 Qxe5+ 38. Kd1 Rxd2+ 39. Qxd2 Qd6 40. Qxd6 exd6 41. Kd2 Kg7 42. Kd3 Kf6 43. Kd4 Ke6 44. Ke4 d5+ 45. Kd4 b6 46. Kd3 Ke5 47. g3 a5 48. Kc3 b5 49. h3 f5 50. h4 d4+ 51. Kd3 h6 52. Kd2 Ke4 53. Ke2 d3+ 54. Kd2 a4 55. bxa4 bxa4 56. Kc1 Ke3 57. Kd1 d2 58. h5 Kd3 59. hxg6 a3 60. g7 a2 61. g8Q a1Q# 0-1

[Event "Hamburg Junge op"]
[Site "Hamburg"]
[Date "2005.10.01"]
[Round "1"]
[White "Bigalke, Andre"]
[Black "Hedke, Fred"]
[Result "1/2-1/2"]
[WhiteElo "2026"]
[BlackElo "2339"]
[PlyCount "71"]
[EventDate "2005.10.01"]
[EventType "swiss"]
[EventRounds "9"]
[EventCountry "GER"]
[SourceTitle "CBM 108 Extra"]
[Source "ChessBase"]
[SourceDate "2005.11.04"]
[SourceVersion "1"]
[SourceVersionDate "2005.11.04"]
[SourceQuality "1"]

1. b4 d5 2. Bb2 Nf6 3. e3 e6 4. b5 Bd6 5. Nf3 Nbd7 6. d4 0-0 7. Nbd2 Qe7 8. Be2 Ba3 9. Qc1 Bxb2 10. Qxb2 a6 11. a4 Re8 12. 0-0 axb5 13. axb5 Rxa1 14. Rxa1 Nb6 15. Ra7 Rd8 16. h3 h6 17. Bd3 Ne8 18. c4 dxc4 19. Nxc4 Nxc4 20. Bxc4 Nd6 21. Bd3 Bd7 22. Ne5 Be8 23. b6 f6 24. bxc7 Qxc7 25. Ng6 Bf7 26. Nf4 Rc8 27. Qb4 Qc6 28. Bg6 Qc1+ 29. Kh2 Qc7 30. Bxf7+ Kxf7 31. Qb3 Qc4 32. Qb1 Qc2 33. Qb6 Qc6 34. Qb1 Qc2 35. Qb6 Qc6 36. Qb1 1/2-1/2

[Event "Norderstedt op 5th"]
[Site "Norderstedt"]
[Date "2005.03.28"]
[Round "4.10"]
[White "Bigalke, Andre"]
[Black "Schwerdtfeger, Wolfgang"]
[Result "1-0"]
[WhiteElo "2070"]
[BlackElo "1887"]
[PlyCount "89"]
[EventDate "2005.03.27"]
[EventType "swiss"]
[EventRounds "7"]
[EventCountry "GER"]
[SourceTitle "EXT 2006"]
[Source "ChessBase"]
[SourceDate "2005.11.24"]
[SourceVersion "1"]
[SourceVersionDate "2005.11.24"]
[SourceQuality "1"]

1. b4 e5 2. Bb2 d6 3. e3 Be6 4. c4 Nf6 5. Nf3 h6 6. Be2 Be7 7. d4 e4 8. Nfd2 0-0 9. Nc3 d5 10. b5 Bb4 11. Qb3 Bxc3 12. Qxc3 c6 13. a4 cxb5 14. axb5 Nbd7 15. c5 Qc7 16. h3 Rfc8 17. Nb3 Ne8 18. Kd2 f5 19. g3 Nef6 20. Ra3 b6 21. c6 Nf8 22. Raa1 Ne8 23. Ba3 Nh7 24. h4 Bf7 25. Qb4 Nhf6 26. Qf8+ Kh7 27. Be7 Ng8 28. Ba3 Ngf6 29. Qe7 Qxe7 30. Bxe7 Ng8 31. Bb4 Ngf6 32. Rhc1 Kg8 33. Ra2 Bh5 34. Bf1 Kf7 35. Rca1 Rc7 36. Ra6 Ke6 37. Rxb6 axb6 38. Rxa8 Nd6 39. Bxd6 Kxd6 40. Ra6 Rc8 41. Rxb6 Ra8 42. Rb7 Ra2+ 43. Kc3 Rxf2 44. c7 Bd1 45. c8N+ 1-0

[Event "Norderstedt op 5th"]
[Site "Norderstedt"]
[Date "2005.03.27"]
[Round "1.14"]
[White "Opasiak, Dustin Tennessee"]
[Black "Bigalke, Andre"]
[Result "0-1"]
[WhiteElo "1583"]
[BlackElo "2070"]
[PlyCount "78"]
[EventDate "2005.03.27"]
[EventType "swiss"]
[EventRounds "7"]
[EventCountry "GER"]
[SourceTitle "EXT 2006"]
[Source "ChessBase"]
[SourceDate "2005.11.24"]
[SourceVersion "1"]
[SourceVersionDate "2005.11.24"]
[SourceQuality "1"]

1. e4 e5 2. Nf3 d5 3. exd5 Bd6 4. c4 e4 5. Nd4 Nf6 6. Be2 0-0 7. Nc3 Be5 8. Nb3 Bf5 9. d4 exd3 10. Bxd3 Re8 11. 0-0 Bg4 12. Qc2 Na6 13. a3 Bh5 14. h3 h6 15. Ne4 Nxe4 16. Bxe4 Qh4 17. Bf5 g6 18. Bxh6 Be2 19. Rfe1 Qxh6 20. Bxg6 Qxg6 21. Rxe2 Qxc2 22. Rxc2 Bf6 23. Rd1 Re4 24. c5 Rd8 25. d6 cxd6 26. cxd6 Rxd6 27. Rxd6 Re1+ 28. Kh2 Be5+ 29. g3 Bxd6 30. Nd4 Bc5 31. Nf3 Rd1 32. Kg2 Bb6 33. g4 Nc5 34. Ne5 Ne4 35. f3 Rg1+ 36. Kh2 Ng3 37. Rc8+ Kg7 38. h4 Nf1+ 39. Kh3 Rg3# 0-1

[Event "Wichern op 6th"]
[Site "Hamburg"]
[Date "2001.10.21"]
[Round "9.10"]
[White "Feige, Manuel"]
[Black "Bigalke, Andre"]
[Result "1-0"]
[WhiteElo "2319"]
[BlackElo "2095"]
[PlyCount "33"]
[EventDate "2001.10.21"]
[EventType "swiss"]
[EventRounds "9"]
[EventCountry "GER"]
[SourceTitle "EXT 2002"]
[Source "ChessBase"]
[SourceDate "2001.11.25"]
[SourceVersion "1"]
[SourceVersionDate "2001.11.25"]
[SourceQuality "1"]

1. d4 b5 2. e4 Bb7 3. Bd3 f5 4. exf5 Bxg2 5. Qh5+ g6 6. fxg6 Bg7 7. gxh7+ Kf8 8. Nh3 Nf6 9. Qg6 Bxh1 10. Bh6 Rxh7 11. Ng5 Bxh6 12. Nxh7+ Nxh7 13. Qxh6+ Kf7 14. Qxh7+ Ke6 15. Qg6+ Kd5 16. Nc3+ Kxd4 17. Qg5 1-0

[Event "Wichern op 6th"]
[Site "Hamburg"]
[Date "2001.10.20"]
[Round "8.14"]
[White "Bigalke, Andre"]
[Black "Visweswaran, Kameswaran"]
[Result "1-0"]
[WhiteElo "2095"]
[BlackElo "2299"]
[PlyCount "95"]
[EventDate "2001.10.21"]
[EventType "swiss"]
[EventRounds "9"]
[EventCountry "GER"]
[SourceTitle "EXT 2002"]
[Source "ChessBase"]
[SourceDate "2001.11.25"]
[SourceVersion "1"]
[SourceVersionDate "2001.11.25"]
[SourceQuality "1"]

1. b4 e5 2. Bb2 d6 3. e3 g6 4. Nf3 Bg7 5. Be2 Ne7 6. c4 0-0 7. d4 e4 8. Nfd2 f5 9. Nc3 Nd7 10. Qb3 Kh8 11. a4 Nf6 12. 0-0-0 Be6 13. h3 c6 14. Rdg1 a6 15. a5 b5 16. axb6 Bf7 17. Na4 Qd7 18. Qa3 Rfb8 19. c5 a5 20. bxa5 Rxa5 21. Bc3 Raa8 22. Kc2 Ned5 23. Bb2 f4 24. Nc4 fxe3 25. fxe3 Ne8 26. Rf1 Be6 27. Rf2 Bh6 28. Ra1 Kg8 29. g4 Ra6 30. cxd6 Rxa4 31. Qxa4 Nxd6 32. Qa7 Qd8 33. Kb1 Nb5 34. Qa5 Nxe3 35. b7 Nc7 36. Nxe3 Bxe3 37. Rf1 Rxb7 38. Qa3 Bd5 39. Qxe3 Rb3 40. Qd2 Qb8 41. Qc2 Nb5 42. Kc1 Rxh3 43. Bc4 Rh2 44. Bxd5+ cxd5 45. Qc5 Nc7 46. Ba3 Ne6 47. Qxd5 Qc8+ 48. Bc5 1-0

[Event "Wichern op 5th"]
[Site "Hamburg"]
[Date "1999.10.17"]
[Round "3"]
[White "Bigalke, Andre"]
[Black "Jaegerflod, Kent"]
[Result "0-1"]
[WhiteElo "1965"]
[BlackElo "1835"]
[PlyCount "60"]
[EventDate "1999.10.15"]
[EventType "swiss"]
[EventRounds "9"]
[EventCountry "GER"]
[SourceTitle "EXT 2001"]
[Source "ChessBase"]
[SourceDate "2000.11.22"]
[SourceVersion "1"]
[SourceVersionDate "2000.11.22"]
[SourceQuality "1"]

1. b4 d5 2. Bb2 Nf6 3. e3 Bf5 4. b5 e6 5. Nf3 Nbd7 6. a4 Bd6 7. Be2 0-0 8. 0-0 Qe7 9. d3 h6 10. Nbd2 Rad8 11. c4 Bh7 12. d4 c5 13. Qb3 Nb6 14. Rac1 dxc4 15. Nxc4 Nxc4 16. Bxc4 Be4 17. Be2 Bd5 18. Qc2 Rc8 19. Qb1 c4 20. Rfd1 Rc7 21. Nd2 Rfc8 22. e4 c3 23. Bxc3 Rxc3 24. Rxc3 Rxc3 25. exd5 exd5 26. Bf3 Qc7 27. g3 Ba3 28. Nb3 Rxf3 29. Re1 Qc3 30. Na1 Qb2 0-1